Instalaciones eléctricas: conceptos básicos y diseño

Saved in:
書目詳細資料
Main Authors: Bratu Serbán, Neagu (Author), Campero Littlewood, Eduardo (Author)
格式: 圖書
語言:西班牙语
出版: Ciudad de México Alfaomega 1995
版:2a. ed
主題:
標簽: 添加標簽
沒有標簽, 成為第一個標記此記錄!

MARC

LEADER 00000nam a2200000 a 4500
001 UCG2844
003 CL-VaPUC
008 100729e19950000MX |||||||||||||||||spa|d
020 |a 9701501276 
082 0 4 |a 621.31  |b BRA  |2 21 
100 0 |a Bratu Serbán, Neagu  |e author  |9 551478 
700 0 |a Campero Littlewood, Eduardo  |e author  |9 551479 
245 1 0 |a Instalaciones eléctricas: conceptos básicos y diseño 
250 |a 2a. ed 
300 |a 225 p 
942 |c BK 
945 |d 20100729 00:00:00  |a mfarfan 
260 |a Ciudad de México  |b Alfaomega  |c 1995 
650 0 |a Distribución de energía eléctrica   |9 260221 
650 0 |a Circuitos eléctricos   |9 260262 
650 0 |a Energía eléctrica  |9 256678 
650 0 |a Ingeniería eléctrica  |9 260573 
583 |a last modification  |c 20100729 00:00:00  |k Rodrigo Vera 
999 |c 341961  |d 341959